00325pab a2200121 454500008004000000100001600040245008200056260000900138300001200147362001000159650001400169773002000183180718b1997 xxu||||| |||| 00| 0 eng d aBajaj, K.K. aStudent support services for inter-active communication in distance education c1997 ap.12-15 a3 Feb aEducation aUniversity News